[Event "Mitropa Cup (Women)"]
[Site "Olbia"]
[Date "2008.05.29"]
[Round "6.1"]
[White "Borosova, Zuzana"]
[Black "Fischer, Selina"]
[Result "1-0"]
[WhiteElo "2231"]
[BlackElo "1873"]
[PlyCount "89"]
[EventDate "2008.05.25"]
[EventType "team-tourn"]
[EventRounds "5"]
[EventCountry "ITA"]
[SourceTitle "CBM 124 Extra"]
[Source "ChessBase"]
[SourceDate "2008.07.03"]
[SourceVersion "1"]
[SourceVersionDate "2008.07.03"]
[SourceQuality "1"]
[WhiteTeam "Slovakia"]
[BlackTeam "Switzerland"]
[WhiteTeamCountry "SVK"]
[BlackTeamCountry "SUI"]

1. e4 c6 2. d4 d5 3. e5 Bf5 4. Nf3 e6 5. Be2 Ne7 6. 0-0 h6 7. b3 Ng6 8. Be3 Nd7 9. Ne1 Ne7 10. f4 Bg6 11. Nd3 Nf5 12. Bf2 h5 13. Nd2 f6 14. Nf3 Be7 15. c3 Qc7 16. Qd2 Bf7 17. Rfe1 c5 18. Bf1 Nh6 19. Kh1 f5 20. Ng5 cxd4 21. Bxd4 0-0 22. Be2 g6 23. Rac1 b6 24. c4 dxc4 25. Rxc4 Qd8 26. Nf3 Rc8 27. Rec1 Rxc4 28. Rxc4 Qb8 29. Qc2 b5 30. Rc7 Rd8 31. Bxa7 Qa8 32. a4 bxa4 33. bxa4 Qd5 34. h3 Kf8 35. Rc8 Ng8 36. Rc7 Qa5 37. Nd4 Nb6 38. Nc6 Qxa4 39. Qxa4 Nxa4 40. Nxd8 Bxd8 41. Rc8 Ke7 42. Bd1 Be8 43. Bf2 g5 44. fxg5 Bd7 45. Ra8 1-0

[Event "Mitropa Cup (Women)"]
[Site "Olbia"]
[Date "2008.05.28"]
[Round "4.1"]
[White "Fischer, Selina"]
[Black "Ignacz, Maria"]
[Result "1/2-1/2"]
[WhiteElo "1873"]
[BlackElo "2173"]
[PlyCount "81"]
[EventDate "2008.05.25"]
[EventType "team-tourn"]
[EventRounds "5"]
[EventCountry "ITA"]
[SourceTitle "CBM 124 Extra"]
[Source "ChessBase"]
[SourceDate "2008.07.03"]
[SourceVersion "1"]
[SourceVersionDate "2008.07.03"]
[SourceQuality "1"]
[WhiteTeam "Switzerland"]
[BlackTeam "Hungary"]
[WhiteTeamCountry "SUI"]
[BlackTeamCountry "HUN"]

1. e4 c5 2. Nf3 d6 3. d4 cxd4 4. Nxd4 Nf6 5. Nc3 Nc6 6. Bg5 e6 7. Qd2 a6 8. 0-0-0 Be7 9. Nxc6 bxc6 10. f3 d5 11. e5 Nd7 12. Bxe7 Qxe7 13. f4 Rb8 14. Na4 Qb4 15. b3 Qa3+ 16. Nb2 Qxa2 17. Qc3 Qa3 18. Rd4 Qc5 19. Qxc5 Nxc5 20. Na4 Nd7 21. Nb2 0-0 22. Ra4 Bb7 23. Be2 Rfc8 24. Bxa6 Nc5 25. Bxb7 Rxb7 26. Ra5 Ne4 27. Rf1 h6 28. Nd3 c5 29. Nf2 Nc3 30. Kd2 Nb5 31. Rfa1 Nd4 32. Ra8 Rbc7 33. Rxc8+ Rxc8 34. Nd1 Kf8 35. Ne3 h5 36. Kd3 Nc6 37. h3 Ke7 38. Kd2 Rb8 39. Ra4 g6 40. g3 Kd7 41. Ng2 1/2-1/2

[Event "Mitropa Cup (Women)"]
[Site "Olbia"]
[Date "2008.05.27"]
[Round "3.1"]
[White "Fischer, Selina"]
[Black "Hoolt, Sarah"]
[Result "0-1"]
[WhiteElo "1873"]
[BlackElo "2258"]
[PlyCount "90"]
[EventDate "2008.05.25"]
[EventType "team-tourn"]
[EventRounds "5"]
[EventCountry "ITA"]
[SourceTitle "CBM 124 Extra"]
[Source "ChessBase"]
[SourceDate "2008.07.03"]
[SourceVersion "1"]
[SourceVersionDate "2008.07.03"]
[SourceQuality "1"]
[WhiteTeam "Switzerland"]
[BlackTeam "Germany"]
[WhiteTeamCountry "SUI"]
[BlackTeamCountry "GER"]

1. e4 c5 2. Nf3 e6 3. d4 cxd4 4. Nxd4 a6 5. Nc3 b5 6. Bd3 Qb6 7. Nf3 Qc7 8. 0-0 Bb7 9. Re1 Ne7 10. a4 b4 11. Na2 Nbc6 12. c3 bxc3 13. Nxc3 Nb4 14. Bf1 d5 15. e5 Ng6 16. Bd3 Nxd3 17. Qxd3 Be7 18. Qe2 0-0 19. Bg5 Bc5 20. Rac1 Qb6 21. Rb1 Rac8 22. h4 h6 23. Bd2 Bb4 24. h5 Ne7 25. Na2 Bxd2 26. Qxd2 Rc4 27. b3 Rc7 28. Qd4 Qxd4 29. Nxd4 Rfc8 30. Rbc1 Nc6 31. Nxc6 Rxc6 32. Rxc6 Rxc6 33. Rc1 a5 34. Rxc6 Bxc6 35. Kf1 f6 36. f4 d4 37. Kf2 Bd5 38. Nc1 Kf7 39. Ne2 Bxb3 40. Nxd4 Bxa4 41. Ke1 Ke7 42. g4 fxe5 43. fxe5 Kd7 44. Kd2 Bc6 45. Ke3 a4 0-1